| 000 | 01208nas a2200373 4500 | ||
|---|---|---|---|
| 001 | BR2013003898 | ||
| 003 | BR-BrBNA | ||
| 005 | 20231205122345.0 | ||
| 007 | ta | ||
| 008 | 230509b bl.|||p| |||| 00| 00por d | ||
| 040 |
_aBR-BrBNA _bpor _cBiblioteca Nacional de Agricultura |
||
| 041 | _a(En) | ||
| 072 | _aL50 | ||
| 100 | 1 | _aPiccione, G. | |
| 100 | 1 | _aCasella, S. | |
| 100 | 1 | _aPennisi, P. | |
| 100 | 1 | _aGiannetto, C. | |
| 100 | 1 | _aCosta, A. | |
| 100 | 1 | _aCaola, G. | |
| 100 | 1 | _a | |
| 245 | 1 | _aMonitoring of physiological and blood parameters during perinatal and neonatal period in calves | |
| 246 | 1 | _aMonitoring of physiological and blood parameters during perinatal and neonatal period in calves | |
| 650 | _aBEZERRO | ||
| 650 | _aFISIOLOGIA ANIMAL | ||
| 650 | _aTEMPERATURA | ||
| 650 | _aAPARELHO CIRCULATÓRIO | ||
| 650 | _aAPARELHO RESPIRATÓRIO | ||
| 650 | _aANÁLISE | ||
| 650 | _aSANGUE | ||
| 773 | 0 |
_tArquivo Brasileiro de Medicina Veterinária e Zootecnia (Brazil) _xISSN 0102-0935 _g(Feb 2010), v. 62(1) p. 1-12 _wBR2013003898 |
|
| 856 | 4 | 0 | _uhttp://www.scielo.br/pdf/abmvz/v62n1/v62n1a01.pdf |
| 909 |
_a202311 _bLúcia _c55 _dLúcia Elande |
||
| 942 |
_2AGRIS _n0 _cANA |
||
| 999 |
_c228234 _d228234 |
||